| 000 | 01122nam a22002537a 4500 | ||
|---|---|---|---|
| 005 | 20170124103106.0 | ||
| 010 | _aB-242016 | ||
| 020 |
_c425.00 _a8126713216 |
||
| 035 | _aB-242016 | ||
| 037 | _bCen Lib/Ret | ||
| 040 |
_aDPL _bHN |
||
| 082 |
_a820.8 _bवर्माभ |
||
| 100 |
_aवर्मा, भगवती चरण _97767 |
||
| 245 |
_aहम खंडहर के वासी : _cभगवती चरण वर्मा _bअसंकलित रचनाएँ / |
||
| 246 |
_aHum khandhar ke vasi : asankalit rachnayen / _bby Bhagwati Charan Verma |
||
| 260 |
_aनयी दिल्ली _bराजकमल प्रकाशन _c2007 |
||
| 270 |
_a1-बी, नेताजी सुभाष मार्ग _bनयी दिल्ली _e110002 |
||
| 300 |
_a335पृ. _c21सेमी (सजिल्द) |
||
| 650 |
_a साहित्य--कविता _978300 |
||
| 650 |
_aहिन्दी कविताएं _978301 |
||
| 650 |
_a Literature--Poem _978302 |
||
| 650 |
_aHindi poem _978303 |
||
| 942 |
_2ddc _cHN _h820.8 _mवर्माभ |
||
| 999 |
_c118093 _d118093 |
||